Formel 1 Podium 2005 - Statistiken

Allgemein
  • Dieses Quiz wurde 262 mal gespielt
  • Das Durchschnittsergebnis liegt bei 10 aus 13
Antwortstatistiken
Antwort % Korrekt
Michael Schumacher
100%
Ralf Schumacher
100%
Fernando Alonso
99%
Kimi Räikkonen
94%
Rubens Barrichello
86%
Jenson Button
78%
Juan Pablo Montoya
78%
Giancarlo Fisichella
75%
Jarno Trulli
69%
Nick Heidfeld
69%
Mark Webber
59%
Tiago Monteiro
40%
Alexander Wurz
36%
Keine übereinstimmenden Quizze gefunden
Verteilung der Resultate
Anzahl Personen mit jedem Resultat
Perzentil nach korrekt beantworteten Fragen
Ihre Resultats-Entwicklung
Sie haben dieses Quiz noch nicht gespielt